000 00447pab a2200169 454500
008 180718b2013 xxu||||| |||| 00| 0 eng d
100 _aDesmond, Matthew
245 _aUnpolicing the urban poor: Consequences of third party policing for inner-city women
260 _c2013
300 _ap.117-141.
362 _aFeb
650 _aPolice
700 _aValdez, Nicol
773 _aAmerican Sociological Review
908 _aN
909 _a99471
999 _c99470
_d99470